000 01162nam a22002537a 4500
003 Uzh_bibl
008 260417b |||||||| |||| 00| 0 ukr d
020 _a966-596-267-1
_c35,00
040 _bукр.
041 _2ukr
_aukr
080 _a821.161.2
090 _a821.161.2
_bУ-45
100 _a-
245 _aУкраїнські народні казки
_bМої улюблені казки
_cУклад. О. А. Рогінська
_hТекст
260 _aДонецьк
_b"Сталкер"
_c2013
300 _a448 с.
_bіл.
_fВ опр.
520 _aДо книжки увійшли популярні народні казки. Реальне і вигадане гармонійно поєднується в казках, сповнених мудрості, добра, оптимізму.
521 _aДля дошкільного та молодшого шкільного віку
546 _aукр.
650 _aЛітературно-художнє видання
653 _aХитрий заєць
_aВовк і ягня
_aДві мишки
655 _aХудожня література
_vКазки
942 _2udc
_cBK
999 _c17370
_d17370